Chemical reactions and chemical reactors / (Record no. 18537)

MARC details
000 -LEADER
fixed length control field 01034cam a2200313 i 4500
001 - CONTROL NUMBER
control field 15249550
003 - CONTROL NUMBER IDENTIFIER
control field EG-ScBUE
005 - DATE AND TIME OF LATEST TRANSACTION
control field 20250730143309.0
008 - FIXED-LENGTH DATA ELEMENTS--GENERAL INFORMATION
fixed length control field 080405t2009 njua f b 001 0 eng d
020 ## - INTERNATIONAL STANDARD BOOK NUMBER
International Standard Book Number 9780471742203
020 ## - INTERNATIONAL STANDARD BOOK NUMBER
International Standard Book Number 0471742201 (hbk.)
040 ## - CATALOGING SOURCE
Original cataloging agency BTCTA
Language of cataloging eng
Description conventions rda
Transcribing agency BTCTA
Modifying agency BAKER
-- YDXCP
-- ZQP
-- DLC
-- EG-ScBUE
082 04 - DEWEY DECIMAL CLASSIFICATION NUMBER
Classification number 541.39
Item number ROB
Edition number 22
100 1# - MAIN ENTRY--PERSONAL NAME
Personal name Roberts, G. W.
Fuller form of name (George W.)
Relator term author.
9 (RLIN) 36416
245 10 - TITLE STATEMENT
Title Chemical reactions and chemical reactors /
Statement of responsibility, etc George W. Roberts.
264 #1 - PUBLICATION, DISTRIBUTION, ETC. (IMPRINT)
Place of publication, distribution, etc Hoboken :
Name of publisher, distributor, etc John Wiley & Sons,
Date of publication, distribution, etc [2009]
264 #4 - PUBLICATION, DISTRIBUTION, ETC. (IMPRINT)
Date of publication, distribution, etc c2009
300 ## - PHYSICAL DESCRIPTION
Extent xix, 452 pages :
Other physical details illustrations ;
Dimensions 26 cm
336 ## - CONTENT TYPE
Source rdacontent
Content type term text
Content type code txt
337 ## - MEDIA TYPE
Media type term unmediated
Source rdamedia
Media type code n
338 ## - CARRIER TYPE
Carrier type term volume
Carrier type code nc
Source rdacarrier
504 ## - BIBLIOGRAPHY, ETC. NOTE
Bibliography, etc Includes bibliographical references and index.<br/>
650 #7 - SUBJECT ADDED ENTRY--TOPICAL TERM
Topical term or geographic name as entry element Chemical reactions.
Source of heading or term BUEsh
9 (RLIN) 36417
650 #7 - SUBJECT ADDED ENTRY--TOPICAL TERM
Topical term or geographic name as entry element Chemical reactors.
Source of heading or term BUEsh
9 (RLIN) 36418
651 ## - SUBJECT ADDED ENTRY--GEOGRAPHIC NAME
Source of heading or term BUEsh
653 ## - INDEX TERM--UNCONTROLLED
Resource For college Engineering, Chemical
Arrived date list November2014
-- October2015
655 ## - INDEX TERM--GENRE/FORM
Form subdivision Reading book
9 (RLIN) 34232
942 ## - ADDED ENTRY ELEMENTS (KOHA)
Source of classification or shelving scheme Dewey Decimal Classification
Koha item type Book - Borrowing
Holdings
Withdrawn status Lost status Source of classification or shelving scheme Damaged status Not for loan Collection code Home library Current library Shelving location Date acquired Source of acquisition Total Checkouts Total Renewals Full call number Barcode Date last seen Date checked out Price effective from Koha item type
    Dewey Decimal Classification     Baccah Central Library Central Library First floor 03/11/2014   1 5 541.39 ROB 000036906 15/07/2025 25/08/2015 03/11/2014 Book - Borrowing
    Dewey Decimal Classification     Baccah Central Library Central Library First floor 15/10/2015 Purchase     541.39 ROB 000039934 15/07/2025   15/10/2015 Book - Borrowing
    Dewey Decimal Classification     Baccah Central Library Central Library First floor 15/10/2015 Purchase 1 4 541.39 ROB 000039935 15/07/2025 08/08/2016 15/10/2015 Book - Borrowing